[Event "Mercredi 2023.05.10 ABCD"]
[Site "Montreal CAN"]
[Date "2023.05.10"]
[Round "1"]
[White "Voskanyan, Vahagn"]
[Black "Batorshyn, Ilia		"]
[Result "1/2-1/2"]
[WhiteElo "2116"]
[BlackElo "2183"]
[PlyCount "152"]
[EventDate "2023.05.10"]
[EventType "tourn"]
[EventRounds "5"]
[EventCountry "CAN"]

1. c4 Nf6 2. g3 c5 3. Bg2 e6 4. Nf3 d5 5. cxd5 exd5 6. d4 Nc6 7. O-O cxd4 8.
Nxd4 Be7 9. Nc3 O-O 10. Bf4 Qb6 11. Nb3 Be6 12. Rc1 Rfd8 13. Na4 Qb5 14. Nac5
Bxc5 15. Nxc5 Rac8 16. Qb3 Qxb3 17. Nxb3 Kf8 18. Rfd1 b6 19. Bg5 Ke7 20. Rd2 h6
21. Bxf6+ Kxf6 22. Rdc2 Ne7 23. Nd4 Rxc2 24. Rxc2 Rc8 25. Rxc8 Bxc8 26. Kf1 a6
27. e3 Ke5 28. Ke2 Bd7 29. Kd2 Nc6 30. Nf3+ Kd6 31. Bf1 Kc5 32. Kc3 b5 33. a3
a5 34. Nd4 b4+ 35. axb4+ axb4+ 36. Kd3 Ne5+ 37. Kd2 Ng4 38. Bh3 Nxe3 39. Bxd7
Nc4+ 40. Kd3 Ne5+ 41. Ke3 Nxd7 42. Nb3+ Kc4 43. Nd2+ Kc5 44. Nb3+ Kd6 45. Nd4
g6 46. f4 Nf6 47. Nf3 Kc5 48. Ne5 h5 49. h3 Ne4 50. Nxf7 Nxg3 51. Ne5 Nf5+ 52.
Kd3 Ne7 53. b3 Kd6 54. Ke3 Ke6 55. Kd4 g5 56. Nd3 g4 57. hxg4 hxg4 58. Nxb4
Nf5+ 59. Kd3 g3 60. Ke2 Kd6 61. Kf3 Kc5 62. Nd3+ Kb5 63. Kg2 Kc6 64. Kf3 Kd6
65. Kg2 d4 66. Kf3 Kd5 67. Ne1 Ke6 68. Nd3 Kd6 69. Ne1 Kd5 70. Nd3 g2 71. Kxg2
Ke4 72. Nc5+ Kd5 73. Nd3 Ke4 74. Nc5+ Kxf4 75. Ne6+ Ke5 76. Nxd4 Nxd4 1/2-1/2

[Event "Mercredi 2023.05.10 ABCD"]
[Site "Montreal CAN"]
[Date "2023.05.17"]
[Round "2"]
[White "Allaire, Denis"]
[Black "Chasles, Jean-Benoit"]
[Result "0-1"]
[WhiteElo "1745"]
[BlackElo "1824"]
[PlyCount "80"]
[EventDate "2023.05.10"]
[EventType "tourn"]
[EventRounds "5"]
[EventCountry "CAN"]

1. e4 c5 2. c3 d5 3. exd5 Qxd5 4. d4 e6 5. Nf3 Nf6 6. Nbd2 Nc6 7. Bc4 Qd8 8.
Nb3 cxd4 9. Nbxd4 Bc5 10. Be3 Nxd4 11. Bxd4 Bxd4 12. Qxd4 O-O 13. O-O-O Qc7 14.
Ne5 a6 15. Bb3 b5 16. f4 a5 17. Kb1 a4 18. Bc2 Bb7 19. a3 Rfd8 20. Qf2 Be4 21.
Qe2 Bxc2+ 22. Kxc2 Nd5 23. Rd4 b4 24. axb4 Rdb8 25. Rc4 Qb7 26. Nd3 a3 27. b3
Ne3+ 28. Qxe3 Qxg2+ 29. Nf2 Qxh1 30. Nxh1 a2 31. Qc1 a1=Q 32. Qxa1 Rxa1 33. Ng3
Ra2+ 34. Kd3 Rxh2 35. Ne4 h5 36. Ng5 Rb2 37. Rc7 Rxb3 38. Kc4 Rb1 39. Rxf7 Rf1
40. Nxe6 Kxf7 0-1

[Event "Mercredi 2023.05.10 ABCD"]
[Site "Montreal CAN"]
[Date "2023.05.17"]
[Round "2"]
[White "Bain-Thouvarez, Aurelien"]
[Black "Plante, Michel"]
[Result "1-0"]
[WhiteElo "1833"]
[BlackElo "1902"]
[PlyCount "99"]
[EventDate "2023.05.10"]
[EventType "tourn"]
[EventRounds "5"]
[EventCountry "CAN"]

1. Nf3 f5 2. d4 Nf6 3. g3 e6 4. Bg2 Be7 5. O-O O-O 6. c4 d6 7. Nc3 Ne4 8. Qb3
c6 9. d5 cxd5 10. cxd5 Nxc3 11. bxc3 e5 12. c4 Nd7 13. Ba3 b6 14. Bb2 Rb8 15.
Rab1 Qe8 16. Ne1 Qh5 17. Qf3 Qf7 18. Nc2 Ba6 19. Na3 Rbc8 20. e4 Bxc4 21. Nxc4
Rxc4 22. Qxf5 Qxf5 23. exf5 Ra4 24. Rfc1 Bd8 25. f4 exf4 26. Rc6 fxg3 27. hxg3
Bf6 28. Rxd6 Rxa2 29. Rxf6 Nxf6 30. d6 Rd8 31. Bxf6 gxf6 32. Bd5+ Kf8 33. Bxa2
Rxd6 34. Be6 Kg7 35. Rc1 Kh6 36. Kh2 b5 37. Kh3 a5 38. Rc7 a4 39. Rb7 Ra6 40.
Rxb5 a3 41. Rb1 Kg5 42. Ra1 h5 43. Rf1 Ra4 44. Kg2 h4 45. Ra1 Ra5 46. gxh4+
Kxh4 47. Kf3 Ra4 48. Bf7 Kg5 49. Bg6 Ra7 50. Rh1 1-0

[Event "Mercredi 2023.05.10 ABCD"]
[Site "Montreal CAN"]
[Date "2023.05.17"]
[Round "2"]
[White "Baran, Marius"]
[Black "Boileau, Dominic"]
[Result "1-0"]
[WhiteElo "1749"]
[BlackElo "1790"]
[PlyCount "109"]
[EventDate "2023.05.10"]
[EventType "tourn"]
[EventRounds "5"]
[EventCountry "CAN"]

1. Nf3 Nf6 2. c4 e6 3. g3 d5 4. b3 Be7 5. Bg2 O-O 6. O-O c5 7. Bb2 Nc6 8. d3
Qc7 9. Na3 a6 10. e3 Rd8 11. Nc2 b5 12. cxd5 exd5 13. h3 h6 14. Qe2 Be6 15. d4
c4 16. Nd2 Rac8 17. Rfc1 Qa5 18. a3 c3 19. b4 cxb2 20. bxa5 Nxa5 21. Qd1 Rc3
22. Rcb1 bxa1=Q 23. Rxa1 Rdc8 24. Nb4 Bxb4 25. axb4 Nc6 26. Nb3 Nxb4 27. Nc5
Bf5 28. Qd2 Rc4 29. g4 Ne4 30. Bxe4 Bxe4 31. Kh2 Rc6 32. Kg3 Rf6 33. Nxe4 dxe4
34. Rf1 Rf3+ 35. Kg2 Nd3 36. Qa2 Ra4 37. Qd5 Rf6 38. Qxe4 Ra3 39. Kg3 b4 40. f3
a5 41. Rd1 Re6 42. Qa8+ Kh7 43. e4 Nb2 44. Rd2 Nc4 45. Rc2 Nb6 46. Qb7 b3 47.
Rb2 a4 48. Qxf7 Rf6 49. Qc7 Ra1 50. e5 Re6 51. Qc5 Rd1 52. f4 Rd3+ 53. Kg2 a3
54. Qb5 a2 55. Qxd3+ 1-0

[Event "Mercredi 2023.05.10 ABCD"]
[Site "Montreal CAN"]
[Date "2023.05.17"]
[Round "2"]
[White "Batorshyn, Ilia		"]
[Black "Chapdelaine, Gwyn"]
[Result "1-0"]
[WhiteElo "2183"]
[BlackElo "2115"]
[PlyCount "199"]
[EventDate "2023.05.10"]
[EventType "tourn"]
[EventRounds "5"]
[EventCountry "CAN"]

1. a3 g6 2. Nf3 Bg7 3. d4 d5 4. e3 Bg4 5. c4 e6 6. Nc3 Ne7 7. h3 Bxf3 8. Qxf3
a5 9. cxd5 exd5 10. Bd3 c6 11. O-O O-O 12. Bd2 f5 13. Ne2 b5 14. a4 b4 15. Rac1
Qd6 16. Qf4 Nc8 17. Qxd6 Nxd6 18. Rc2 Ra7 19. Nf4 Re8 20. h4 Ne4 21. Bxe4 Rxe4
22. Nxd5 cxd5 23. Rc8+ Kf7 24. Rxb8 Rc7 25. Rb5 Rc2 26. Be1 Rxb2 27. Rxa5 Bf8
28. Rxd5 Ke6 29. Rb5 Bd6 30. g3 h6 31. a5 Kd7 32. a6 Kc6 33. Ra5 Re8 34. a7 Kb7
35. f3 Ra8 36. e4 Rxa7 37. Rxa7+ Kxa7 38. e5 Be7 39. d5 Bc5+ 40. Kh1 Re2 41. f4
Kb7 42. g4 Kc7 43. h5 gxh5 44. gxf5 b3 45. f6 b2 46. Ba5+ Kd7 47. d6 Rc2 48.
Bd2 Bxd6 49. exd6 Kxd6 50. f7 Ke7 51. f8=Q+ Kxf8 52. Bb4+ Kf7 53. Ba3 Kf6 54.
Rb1 Kf5 55. Bxb2 Kxf4 56. Bc1+ Kg3 57. Rb3+ Kg4 58. Bxh6 h4 59. Rb4+ Kh5 60.
Bf4 Re2 61. Bc7 h3 62. Bg3 Re3 63. Kh2 Kg6 64. Rc4 Kf5 65. Rf4+ Ke6 66. Kxh3
Kd5 67. Kg2 Rd3 68. Rf6 Rb3 69. Rf5+ Ke4 70. Re5+ Kd4 71. Ra5 Ke4 72. Bf2 Kf4
73. Kf1 Ke4 74. Be1 Kf4 75. Bd2+ Ke4 76. Ke2 Rh3 77. Ra4+ Kd5 78. Be3 Ke5 79.
Kd3 Kd5 80. Ra5+ Kd6 81. Rg5 Ke6 82. Ke4 Kf6 83. Ra5 Rh4+ 84. Bf4 Ke6 85. Ra6+
Kd7 86. Kf5 Rh5+ 87. Kf6 Rc5 88. Rd6+ Kc7 89. Ke7 Rc6 90. Rd5+ Kb6 91. Kd7 Kb7
92. Be5 Rb6 93. Bd4 Rb4 94. Kd6 Rb1 95. Ra5 Rd1 96. Ra7+ Kb8 97. Ra4 Rb1 98.
Kc6 Rc1+ 99. Bc5 Rc2 100. Rf4 1-0

[Event "Mercredi 2023.05.10 ABCD"]
[Site "Montreal CAN"]
[Date "2023.05.17"]
[Round "2"]
[White "Beaulieu, Pierre"]
[Black "Bain-Thouvarez, Aurelien"]
[Result "1/2-1/2"]
[WhiteElo "1868"]
[BlackElo "1833"]
[PlyCount "102"]
[EventDate "2023.05.10"]
[EventType "tourn"]
[EventRounds "5"]
[EventCountry "CAN"]

1. g3 c5 2. Bg2 Nc6 3. d3 g6 4. Bg5 Bg7 5. Qc1 h6 6. Bd2 d5 7. h4 e5 8. Nc3
Nge7 9. Nf3 Be6 10. e4 Qd7 11. exd5 Nxd5 12. a3 Nde7 13. b4 c4 14. Ne4 b6 15.
b5 Nd8 16. dxc4 f5 17. Bxh6 Rxh6 18. Qxh6 Kf8 19. Qd2 fxe4 20. Qxd7 Bxd7 21.
Nd2 Rc8 22. O-O Be6 23. Nxe4 Rxc4 24. Rad1 Nf7 25. Nd6 Rxc2 26. Nxf7 Kxf7 27.
Rc1 Ra2 28. Ra1 Rb2 29. a4 Bh6 30. Rfe1 Kf6 31. Reb1 Rc2 32. a5 Bd2 33. axb6
axb6 34. Ra7 Rc5 35. Rb7 Ba5 36. Bf1 Nd5 37. Rd1 Rc2 38. Bg2 Rc5 39. Bf1 Rc2
40. g4 Bc3 41. Bd3 Bxg4 42. Bxc2 Bxd1 43. Bxd1 Bd4 44. Bb3 Ne7 45. Kg2 Bc5 46.
Rc7 Bd4 47. Bc4 Bc5 48. Kf3 Kf5 49. Bd3+ Ke6 50. Rxe7+ Bxe7 51. Bxg6 Bxh4
1/2-1/2

[Event "Mercredi 2023.05.10 ABCD"]
[Site "Montreal CAN"]
[Date "2023.05.17"]
[Round "2"]
[White "Guillemette, Hugo"]
[Black "Di Matteo, Alessio"]
[Result "1-0"]
[WhiteElo "2086"]
[BlackElo "1955"]
[PlyCount "85"]
[EventDate "2023.05.10"]
[EventType "tourn"]
[EventRounds "5"]
[EventCountry "CAN"]

1. e4 e6 2. d4 d5 3. e5 c5 4. c3 Nc6 5. Nf3 Bd7 6. Be2 Nge7 7. Na3 cxd4 8. cxd4
Nf5 9. Nc2 Qb6 10. O-O Be7 11. b3 f6 12. Bd3 O-O 13. Be3 Nxe3 14. Nxe3 fxe5 15.
Nxe5 Nxe5 16. dxe5 Bb5 17. Bxb5 Qxb5 18. Qg4 Qb6 19. Rac1 Rae8 20. b4 Rf7 21.
Rfd1 Ref8 22. Rc2 Rf4 23. Qh3 Rxb4 24. Rdc1 Rb1 25. Qg4 Rxc1+ 26. Rxc1 Kh8 27.
h3 Bc5 28. Qg5 h6 29. Qg3 a5 30. Ng4 d4 31. Kh2 Qc6 32. Qh4 Kh7 33. Rd1 Qd5 34.
Rd3 Qxa2 35. Rg3 Qc2 36. Nf6+ Kh8 37. Qg4 Rf7 38. Qxe6 Rf8 39. Qg4 Rf7 40. e6
Re7 41. Qf4 Ba7 42. Qxh6+ gxh6 43. Rg8# 1-0

[Event "Mercredi 2023.05.10 ABCD"]
[Site "Montreal CAN"]
[Date "2023.05.17"]
[Round "2"]
[White "Jia, Zhe"]
[Black "Lima-Barbosa, Raphael"]
[Result "0-1"]
[WhiteElo "1842"]
[BlackElo "1894"]
[PlyCount "86"]
[EventDate "2023.05.10"]
[EventType "tourn"]
[EventRounds "5"]
[EventCountry "CAN"]

1. e4 c5 2. Nf3 Nc6 3. d4 cxd4 4. Nxd4 e5 5. Nb5 d6 6. N1c3 a6 7. Na3 Be7 8.
Nd5 Nf6 9. Nxf6+ Bxf6 10. c3 O-O 11. Be2 Be6 12. Bf3 Ne7 13. Nc2 d5 14. Be3
dxe4 15. Qxd8 Rfxd8 16. Bxe4 Bf5 17. f3 Rac8 18. Ke2 Be6 19. Rhd1 Nd5 20. Bd2
Be7 21. Ne1 f5 22. Bc2 b5 23. a3 a5 24. c4 Rxc4 25. Bxa5 Nf4+ 26. Kf1 Ra8 27.
Bc3 Nd5 28. Bd2 Rh4 29. h3 e4 30. fxe4 fxe4 31. Kg1 Rf8 32. Bc3 Nxc3 33. bxc3
Bc5+ 34. Kh2 Rf2 35. Kg3 g5 36. Rd8+ Kg7 37. Rad1 Rf1 38. Ra8 Bf2+ 39. Kh2 Bg1+
40. Kg3 Bf2+ 41. Kh2 Rxe1 42. g4 Rxd1 43. Bxd1 Bc4 0-1

[Event "Mercredi 2023.05.10 ABCD"]
[Site "Montreal CAN"]
[Date "2023.05.17"]
[Round "2"]
[White "Latorre, Vincent"]
[Black "Voskanyan, Vahagn"]
[Result "1/2-1/2"]
[WhiteElo "2237"]
[BlackElo "2116"]
[PlyCount "108"]
[EventDate "2023.05.10"]
[EventType "tourn"]
[EventRounds "5"]
[EventCountry "CAN"]

1. e4 c6 2. Nf3 d5 3. d3 dxe4 4. dxe4 Qxd1+ 5. Kxd1 g6 6. Ne1 Bg7 7. c3 f5 8.
exf5 Bxf5 9. Bd3 Nd7 10. Kc2 O-O-O 11. Nd2 Ngf6 12. Nc4 Ng4 13. Bxf5 gxf5 14.
Nd3 Nb6 15. Nxb6+ axb6 16. Re1 Rhe8 17. f3 Nf6 18. Bf4 Nd5 19. Bg3 Bh6 20. Bf2
Nf4 21. Nxf4 Bxf4 22. Re2 Kc7 23. Rae1 Rd7 24. g3 Bg5 25. h4 Bf6 26. g4 fxg4
27. fxg4 h6 28. Re4 Rg8 29. a4 Rdd8 30. Rb4 c5 31. Rbe4 Rd5 32. R1e2 Kc6 33.
Bg3 Kd7 34. Re1 Kc8 35. R1e2 Rd7 36. Rf4 Rgd8 37. Be1 Rd3 38. Rfe4 Rh3 39. Re6
Kc7 40. Rg2 Rd5 41. Bg3+ Kc8 42. Be1 Re5 43. Rxe5 Bxe5 44. g5 hxg5 45. hxg5 Kd7
46. Bd2 Rg3 47. Re2 Kd6 48. Rf2 Rg4 49. Rf8 Rg2 50. Kd3 Ke6 51. b3 Rg3+ 52. Kc4
Rg2 53. Kd3 Rg3+ 54. Kc4 Rg2 1/2-1/2

[Event "Mercredi 2023.05.10 ABCD"]
[Site "Montreal CAN"]
[Date "2023.05.17"]
[Round "2"]
[White "Nardone, Raul"]
[Black "Destree, Frederic"]
[Result "1/2-1/2"]
[WhiteElo "1765"]
[BlackElo "1809"]
[PlyCount "116"]
[EventDate "2023.05.10"]
[EventType "tourn"]
[EventRounds "5"]
[EventCountry "CAN"]

1. c4 Nf6 2. Nc3 g6 3. d4 Bg7 4. Nf3 d6 5. Bg5 a6 6. e3 c6 7. Rc1 O-O 8. Be2
Nbd7 9. Qc2 h6 10. Bh4 Re8 11. O-O g5 12. Bg3 Nf8 13. h3 Bd7 14. b4 Qc8 15.
Rfd1 Bf5 16. Bd3 Bg6 17. Bxg6 Nxg6 18. c5 Rd8 19. a4 Nh5 20. Bh2 g4 21. hxg4
Qxg4 22. Qe4 Nf6 23. Qxg4 Nxg4 24. Bg3 Rac8 25. a5 f5 26. Nh4 Nxh4 27. Bxh4 Bf6
28. Bxf6 Nxf6 29. f3 Kf7 30. Kf2 Rg8 31. Rh1 Rg6 32. Rh2 Rcg8 33. Rch1 h5 34.
Ne2 Nd5 35. Nf4 Nxf4 36. exf4 Ke6 37. Re1+ Kd7 38. Rg1 Rh6 39. g4 fxg4 40. fxg4
Rhg6 41. g5 e5 42. dxe5 dxe5 43. Rd1+ Ke6 44. Rd6+ Kf5 45. Rxg6 Kxg6 46. f5+
Kxf5 47. Rxh5 Kg6 48. Rh6+ Kxg5 49. Rh7 Rf8+ 50. Ke3 Rf4 51. Rxb7 Rd4 52. Rb6
Kf5 53. Rxc6 Rxb4 54. Rb6 Rc4 55. c6 Ke6 56. Rxa6 Kd6 57. c7+ Kxc7 58. Re6 Rc5
1/2-1/2

[Event "Mercredi 2023.05.10 ABCD"]
[Site "Montreal CAN"]
[Date "2023.05.17"]
[Round "2"]
[White "Singher, Jean-Pierre"]
[Black "Beaudry, Marc-Andre"]
[Result "1-0"]
[WhiteElo "2045"]
[BlackElo "2022"]
[PlyCount "47"]
[EventDate "2023.05.10"]
[EventType "tourn"]
[EventRounds "5"]
[EventCountry "CAN"]

1. d4 Nf6 2. Nf3 d5 3. Bf4 c5 4. e3 Nc6 5. Nbd2 Qb6 6. dxc5 Qxb2 7. c4 e6 8.
Rc1 Be7 9. Bd6 O-O 10. cxd5 Nxd5 11. e4 Ndb4 12. e5 Bxd6 13. Nc4 Qxa2 14. cxd6
b5 15. Ne3 Qa5 16. Qd2 Bd7 17. Be2 Qb6 18. O-O Rfc8 19. h4 a5 20. Ng4 h6 21.
Nxh6+ Kf8 22. Qf4 Nd8 23. Nxf7 Nxf7 24. Ng5 1-0

[Event "Mercredi 2023.05.10 ABCD"]
[Site "Montreal CAN"]
[Date "2023.05.24"]
[Round "3"]
[White "Avarian, Sevag"]
[Black "Jia, Zhe"]
[Result "1-0"]
[WhiteElo "1902"]
[BlackElo "1842"]
[PlyCount "123"]
[EventDate "2023.05.10"]
[EventType "tourn"]
[EventRounds "5"]
[EventCountry "CAN"]

1. e4 c6 2. d4 d5 3. exd5 cxd5 4. Bd3 e6 5. Bf4 Bd6 6. Bxd6 Qxd6 7. c3 Nf6 8.
Nf3 Nc6 9. O-O O-O 10. Qe2 Ne7 11. Ne5 Ng6 12. f4 Qb6 13. Qc2 Bd7 14. a4 Bc6
15. Nd2 a6 16. Rae1 Rac8 17. Re3 Be8 18. Rh3 Qa5 19. Bxg6 fxg6 20. g4 Qxa4 21.
Qc1 b5 22. Qe1 Qc2 23. Nd3 Bf7 24. g5 Nh5 25. Rf2 Qa4 26. Nc5 Qa5 27. b4 Qd8
28. Qe3 Re8 29. Ndb3 Ra8 30. Ra2 Qd6 31. Rf3 Re7 32. Nd3 Be8 33. Nbc5 Bd7 34.
Ne5 Bc8 35. Rf1 Re8 36. Ra5 Rf8 37. Kg2 Rf5 38. Ncd3 Ra7 39. Ra2 Rc7 40. Nc5
Ra7 41. Ra5 Qf8 42. Ncd3 Rc7 43. Qd2 Qd6 44. h4 Qf8 45. Kh3 Bb7 46. Kg4 Qc8 47.
Nc5 Kf8 48. Qe3 Ke7 49. Ra2 Kd6 50. Ned3 Rcf7 51. Re2 Re7 52. Ne5 Qf8 53. Ref2
Qc8 54. Qd2 Qf8 55. Ncd3 Bc8 56. Qa2 Rc7 57. Qd2 Re7 58. Rf3 Rc7 59. Nc5 Ra7
60. Qa2 Rc7 61. Qa5 Re7 62. Qb6# 1-0

[Event "Mercredi 2023.05.10 ABCD"]
[Site "Montreal CAN"]
[Date "2023.05.24"]
[Round "3"]
[White "Beaudry, Marc-Andre"]
[Black "Mok, Yuen Tak"]
[Result "0-1"]
[WhiteElo "2022"]
[BlackElo "2048"]
[PlyCount "75"]
[EventDate "2023.05.10"]
[EventType "tourn"]
[EventRounds "5"]
[EventCountry "CAN"]

1. c4 c6 2. g3 d5 3. Nf3 Nf6 4. Bg2 Bf5 5. Qb3 Qb6 6. d3 dxc4 7. Qxc4 e6 8. Be3
Qa5+ 9. Nc3 Nbd7 10. O-O Be7 11. a3 Nb6 12. Qa2 Nbd5 13. Bd2 Qa6 14. b4 O-O 15.
Qb3 Bg6 16. Na4 Nd7 17. Rfc1 Rfd8 18. Rab1 Rac8 19. Nc5 Qb6 20. Nxd7 Rxd7 21.
Ne5 Rdd8 22. Nxg6 hxg6 23. e4 Nc7 24. Be3 Qb5 25. Bf1 a6 26. a4 Qh5 27. Bb6 Rd7
28. Rc2 Qe5 29. f4 Qh5 30. Be2 Qh3 31. Bf1 Qh6 32. h4 e5 33. fxe5 Ne6 34. Rf2
g5 35. Be3 Qg6 36. h5 Qxh5 37. Rh2 Qf3 38. Re1 0-1

[Event "Mercredi 2023.05.10 ABCD"]
[Site "Montreal CAN"]
[Date "2023.05.24"]
[Round "3"]
[White "Boileau, Dominic"]
[Black "Nardone, Raul"]
[Result "0-1"]
[WhiteElo "1790"]
[BlackElo "1765"]
[PlyCount "102"]
[EventDate "2023.05.10"]
[EventType "tourn"]
[EventRounds "5"]
[EventCountry "CAN"]

1. e4 c5 2. b3 Nc6 3. Bb2 d6 4. Bb5 Bd7 5. f4 Nf6 6. d3 e6 7. Nf3 Be7 8. O-O
O-O 9. Nbd2 a6 10. Bxc6 Bxc6 11. Ng5 h6 12. Nh3 d5 13. Qe2 c4 14. dxc4 dxe4 15.
Rad1 Qb6+ 16. Kh1 e3 17. Nf3 Ng4 18. Nd4 h5 19. Nxc6 Qxc6 20. Rd3 b5 21. cxb5
axb5 22. Bd4 Rxa2 23. Bxe3 Rxc2 24. Rd2 Nxe3 25. Qxe3 Rxd2 26. Qxd2 Rd8 27. Qe2
Qd5 28. f5 Qd3 29. Qxd3 Rxd3 30. fxe6 fxe6 31. Rb1 e5 32. Kg1 Bc5+ 33. Kf1 Rd2
34. Re1 Bd4 35. Re2 Rd3 36. Ng5 Rxb3 37. g3 Rb1+ 38. Re1 Rxe1+ 39. Kxe1 b4 40.
Kd1 b3 41. Ne4 Kf8 42. Nd2 b2 43. Kc2 Ke7 44. Nf3 Kd6 45. h3 Kd5 46. g4 e4 47.
Ne1 hxg4 48. hxg4 Ke5 49. Ng2 g6 50. Kb1 e3 51. Kc2 Ke4 0-1

[Event "Mercredi 2023.05.10 ABCD"]
[Site "Montreal CAN"]
[Date "2023.05.24"]
[Round "3"]
[White "Chasles, Jean-Benoit"]
[Black "Baran, Marius"]
[Result "1-0"]
[WhiteElo "1824"]
[BlackElo "1749"]
[PlyCount "75"]
[EventDate "2023.05.10"]
[EventType "tourn"]
[EventRounds "5"]
[EventCountry "CAN"]

1. e4 d5 2. exd5 Nf6 3. Bb5+ Bd7 4. Bc4 Bg4 5. f3 Bc8 6. Nc3 Nbd7 7. d4 Nb6 8.
Bb3 Nbxd5 9. Nge2 Nxc3 10. Nxc3 e6 11. Be3 Be7 12. Qd2 c6 13. O-O-O O-O 14. h4
b5 15. g4 a5 16. a4 Ba6 17. h5 b4 18. Ne4 Nd5 19. g5 Bc8 20. Bxd5 exd5 21. Nc5
Bf5 22. Kb1 Rb8 23. b3 Ra8 24. Rh2 Qc7 25. g6 fxg6 26. hxg6 Bxc5 27. gxh7+ Kh8
28. dxc5 d4 29. Bxd4 Qf7 30. Kb2 Ra7 31. Rg1 Rd7 32. Qf2 Qd5 33. Rh4 Be6 34.
Rg3 Rdf7 35. Qg1 Qd7 36. Rh5 Rd8 37. Be5 Qd2 38. Rxg7 1-0

[Event "Mercredi 2023.05.10 ABCD"]
[Site "Montreal CAN"]
[Date "2023.05.24"]
[Round "3"]
[White "Deboosere, Adam"]
[Black "Guillemette, Hugo"]
[Result "1/2-1/2"]
[WhiteElo "1903"]
[BlackElo "2086"]
[PlyCount "114"]
[EventDate "2023.05.10"]
[EventType "tourn"]
[EventRounds "5"]
[EventCountry "CAN"]

1. c4 e6 2. g3 c5 3. Bg2 Nc6 4. Nf3 Nf6 5. Nc3 d5 6. cxd5 exd5 7. d4 Be7 8. O-O
O-O 9. Bg5 cxd4 10. Nxd4 h6 11. Bf4 Be6 12. Ncb5 Qd7 13. Nc7 Rac8 14. Ncxe6
fxe6 15. Bh3 Nxd4 16. Qxd4 Bc5 17. Qe5 Rce8 18. Rac1 Ne4 19. b4 Bb6 20. Rc2 Qf7
21. Be3 Bd8 22. f3 Bf6 23. Qc7 Re7 24. Qa5 b6 25. Qa6 Ng5 26. Bxg5 Bxg5 27. Qd3
e5 28. Rd1 e4 29. fxe4 dxe4 30. Qd5 Qxd5 31. Rxd5 Kh7 32. Rf5 Rd8 33. Rf1 Bf6
34. Rfc1 e3 35. Bf5+ g6 36. Bd3 Kg7 37. Rc6 Red7 38. Rf1 Rd6 39. Rc7+ R8d7 40.
Rfc1 Be5 41. R7c6 g5 42. Kg2 Rf7 43. Rc7 Rdf6 44. Rxf7+ Kxf7 45. Rf1 Rxf1 46.
Kxf1 Ke6 47. Kg2 g4 48. h3 gxh3+ 49. Kxh3 a5 50. bxa5 bxa5 51. a4 Kf6 52. Kg4
Bc3 53. Kf3 Bd2 54. g4 Kg5 55. Bb5 h5 56. gxh5 Kxh5 57. Bd3 Kg5 1/2-1/2

[Event "Mercredi 2023.05.10 ABCD"]
[Site "Montreal CAN"]
[Date "2023.05.24"]
[Round "3"]
[White "Destree, Frederic"]
[Black "Allaire, Denis"]
[Result "1-0"]
[WhiteElo "1809"]
[BlackElo "1745"]
[PlyCount "61"]
[EventDate "2023.05.10"]
[EventType "tourn"]
[EventRounds "5"]
[EventCountry "CAN"]

1. Nf3 d5 2. g3 c5 3. Bg2 Nc6 4. O-O e5 5. d3 Be7 6. Nbd2 Nf6 7. Re1 O-O 8. e4
d4 9. Nc4 Nd7 10. a4 Re8 11. a5 Rb8 12. Bd2 b5 13. axb6 axb6 14. Bh3 b5 15.
Bxd7 Qxd7 16. Ncxe5 Nxe5 17. Nxe5 Qh3 18. Qf3 Bf6 19. Nc6 Bg4 20. Qg2 Qh5 21.
f4 Rb6 22. Na5 Bf3 23. Qf2 Bh4 24. f5 Bf6 25. Nb3 Be7 26. Ra7 Bd6 27. Rea1 g5
28. Rd7 Be5 29. Raa7 g4 30. Nxc5 Bxg3 31. Qxg3 1-0

[Event "Mercredi 2023.05.10 ABCD"]
[Site "Montreal CAN"]
[Date "2023.05.24"]
[Round "3"]
[White "Di Matteo, Alessio"]
[Black "Singher, Jean-Pierre"]
[Result "0-1"]
[WhiteElo "1955"]
[BlackElo "2045"]
[PlyCount "65"]
[EventDate "2023.05.10"]
[EventType "tourn"]
[EventRounds "5"]
[EventCountry "CAN"]

1. d4 d5 2. c4 e6 3. Nc3 Nf6 4. cxd5 exd5 5. Bg5 Be7 6. e3 O-O 7. Bd3 Re8 8.
Qc2 c5 9. dxc5 Nc6 10. a3 h6 11. Bh4 Qa5 12. Nge2 Qxc5 13. O-O d4 14. Bxf6 Bxf6
15. exd4 Nxd4 16. Nxd4 Bxd4 17. Rac1 Bd7 18. Qb1 Qh5 19. Be4 Be5 20. g3 Bh3 21.
Rfd1 Bg4 22. Rd5 f5 23. Qa2 Kh8 24. Bg2 Bxc3 25. bxc3 Re2 26. Qb1 Rae8 27. Rf1
Qf7 28. Qd3 Re1 29. f3 R1e3 30. Qd4 Bh5 31. Rd6 f4 32. Rxh6+ Kg8 33. gxf4 0-1

[Event "Mercredi 2023.05.10 ABCD"]
[Site "Montreal CAN"]
[Date "2023.05.24"]
[Round "3"]
[White "Lima-Barbosa, Raphael"]
[Black "Bain-Thouvarez, Aurelien"]
[Result "0-1"]
[WhiteElo "1894"]
[BlackElo "1833"]
[PlyCount "34"]
[EventDate "2023.05.10"]
[EventType "tourn"]
[EventRounds "5"]
[EventCountry "CAN"]

1. d4 d5 2. c4 dxc4 3. e3 e6 4. Bxc4 c5 5. Nf3 a6 6. Bb3 Nf6 7. O-O b5 8. dxc5
Qc7 9. a4 Bb7 10. axb5 axb5 11. Rxa8 Bxa8 12. Nc3 Bxc5 13. Nxb5 Qb7 14. Nd6+
Bxd6 15. Qxd6 Qxb3 16. Rd1 Bd5 17. Rd4 Nc6 0-1

[Event "Mercredi 2023.05.10 ABCD"]
[Site "Montreal CAN"]
[Date "2023.05.24"]
[Round "3"]
[White "Plante, Michel"]
[Black "Beaulieu, Pierre"]
[Result "1-0"]
[WhiteElo "1902"]
[BlackElo "1868"]
[PlyCount "65"]
[EventDate "2023.05.10"]
[EventType "tourn"]
[EventRounds "5"]
[EventCountry "CAN"]

1. f4 Nf6 2. Nf3 b6 3. d3 Bb7 4. e4 e6 5. e5 Ng8 6. Be2 Nc6 7. O-O Nge7 8. d4
Nf5 9. Kh1 h5 10. c3 h4 11. Bd3 Nce7 12. Qe2 c5 13. Be3 Nxe3 14. Qxe3 Nd5 15.
Qd2 cxd4 16. cxd4 Nb4 17. Be2 g6 18. Nc3 a6 19. a3 Nd5 20. Ne4 Be7 21. Bd3 Kf8
22. Rae1 Kg7 23. Nfg5 b5 24. Qe2 h3 25. Nxh3 Rh4 26. Rf3 Qh8 27. Ref1 Qh6 28.
Qf2 Rh8 29. Rg3 Nxf4 30. Kg1 Rxh3 31. gxh3 Qxh3 32. Qd2 Qh6 33. Rxf4 {time} 1-0

[Event "Mercredi 2023.05.10 ABCD"]
[Site "Montreal CAN"]
[Date "2023.05.24"]
[Round "3"]
[White "Voskanyan, Vahagn"]
[Black "Chapdelaine, Gwyn"]
[Result "1-0"]
[WhiteElo "2116"]
[BlackElo "2115"]
[PlyCount "101"]
[EventDate "2023.05.10"]
[EventType "tourn"]
[EventRounds "5"]
[EventCountry "CAN"]

1. c4 Nf6 2. g3 d5 3. cxd5 Nxd5 4. Bg2 g6 5. Nc3 Nxc3 6. bxc3 Bg7 7. Rb1 c6 8.
Nf3 O-O 9. O-O e5 10. d4 exd4 11. cxd4 Qa5 12. a4 Re8 13. Re1 Nd7 14. Bd2 Qd8
15. Qc1 Nf8 16. Bb4 Ne6 17. e3 a5 18. Ba3 Nc7 19. Nd2 Bf8 20. Bxf8 Rxf8 21. Qa3
Na6 22. Nc4 Rb8 23. Rec1 Be6 24. Ne5 Nb4 25. Rb2 f6 26. Nd3 Nxd3 27. Qxd3 Rf7
28. Rc5 Rd7 29. Qb1 Bd5 30. Bxd5+ cxd5 31. Rbb5 Qe8 32. Rxd5 Rxd5 33. Rxd5 Qxa4
34. Qb6 Qc6 35. Qxc6 bxc6 36. Rxa5 Rb1+ 37. Kg2 Kf7 38. Kf3 Ke6 39. h4 h5 40.
Kf4 Kd6 41. Ra8 Rb5 42. Ke4 g5 43. hxg5 Rxg5 44. Rh8 Ke6 45. Rh6 Ra5 46. f4 Rb5
47. Rh8 Rd5 48. f5+ Ke7 49. Rxh5 Ra5 50. Rh7+ Kd6 51. Rf7 {illisible} 1-0

[Event "Mercredi 2023.05.10 ABCD"]
[Site "Montreal CAN"]
[Date "2023.05.31"]
[Round "4"]
[White "Adam, Rafael"]
[Black "Voskanyan, Vahagn"]
[Result "1/2-1/2"]
[WhiteElo "2181"]
[BlackElo "2116"]
[PlyCount "158"]
[EventDate "2023.05.10"]
[EventType "tourn"]
[EventRounds "5"]
[EventCountry "CAN"]

1. d4 Nf6 2. c4 g6 3. g3 c5 4. Nf3 Bg7 5. Bg2 cxd4 6. Nxd4 Nc6 7. Nc3 O-O 8.
O-O Qb6 9. Nc2 d6 10. b3 Bf5 11. Bb2 Rac8 12. Ne3 Be6 13. Qd2 Bh6 14. f4 Bg7
15. Kh1 Qd8 16. Ned5 Bxd5 17. Nxd5 Nxd5 18. Bxg7 Kxg7 19. cxd5 Na5 20. Qd4+ Kg8
21. Qxa7 b6 22. Rac1 Ra8 23. Qc7 b5 24. e4 b4 25. Bh3 Rb8 26. Rfd1 Nb7 27. Rc4
Nc5 28. Qxd8 Rfxd8 29. Rd2 Rb6 30. Bf1 Kg7 31. Kg2 Ra8 32. Kf3 Rb7 33. Ke3 Rab8
34. Bd3 Ra7 35. Bb1 Rb6 36. g4 Rb8 37. h4 Rab7 38. h5 f6 39. Rh2 Rf8 40. Rc1 g5
41. h6+ Kh8 42. fxg5 fxg5 43. Rh5 Nd7 44. Rxg5 Ne5 45. Rg7 Rg8 46. Rxg8+ Kxg8
47. Rc8+ Kf7 48. g5 Kg6 49. Rg8+ Kh5 50. Bd3 Rc7 51. Be2+ Kh4 52. Bc4 Ra7 53.
Rg7 Rxa2 54. Rxe7 Ng4+ 55. Kd3 Kxg5 56. Rxh7 Ne5+ 57. Ke3 Rh2 58. Rb7 Rxh6 59.
Rxb4 Rh3+ 60. Kd4 Kf4 61. Rb6 Nf3+ 62. Kc3 Ke5 63. Rb8 Ng5+ 64. Kb4 Nxe4 65.
Kb5 Kd4 66. Kc6 Rh1 67. Re8 Rh6 68. Re6 Rh8 69. Rxe4+ Kxe4 70. Kxd6 Rh6+ 71.
Kc5 Ke5 72. b4 Rh8 73. Bb5 Rh1 74. Bc6 Rc1+ 75. Kb6 Kd6 76. b5 Rb1 77. Ka6 Kc5
78. Kb7 Rxb5+ 79. Bxb5 Kxd5 1/2-1/2